10 Maths Questions In 1 Minute - Statistics

General Stats
  • This quiz has been taken 11,103 times
  • The average score is 10 of 10
Answer Stats
Question Answer % Correct
2 x 6 12
100%
1 x 19 19
100%
3 x 12 36
100%
6 x 6 36
100%
10 x 8 80
100%
5 x 6 30
99%
4 x 8 32
99%
7 x 6 42
99%
7 x 7 49
99%
8 x 9 72
98%
No matching quizzes found
Score Distribution
Percent of People with Each Score
Percentile by Number Answered
Your Score History
You have not taken this quiz